Wheater's functional histology : a text and colour atlas / Dr. Geraldine O'Dowd, BSc (Hons), MBChB (Hons), FRCPath, Dr. Sarah Bell, BSc Med Sci(Hons), MBChB(Hons), DipFMS, FRCPath, MSc (Mol Path), Dr. Sylvia Wright, BSc (Hons), MBChB (Hons), DipFMS, FRCPath, MSc (Mol Path). (Record no. 21487)

000 -LEADER
fixed length control field 00792nam a22001937a 4500
020 ## - INTERNATIONAL STANDARD BOOK NUMBER
ISBN 9780702083358
082 ## - DEWEY DECIMAL CLASSIFICATION NUMBER
Classification number 611.018
Item number Od269 2024
100 ## - MAIN ENTRY--AUTHOR NAME
Personal name O'Dowd, Geraldine, author.
245 ## - TITLE STATEMENT
Title Wheater's functional histology : a text and colour atlas / Dr. Geraldine O'Dowd, BSc (Hons), MBChB (Hons), FRCPath, Dr. Sarah Bell, BSc Med Sci(Hons), MBChB(Hons), DipFMS, FRCPath, MSc (Mol Path), Dr. Sylvia Wright, BSc (Hons), MBChB (Hons), DipFMS, FRCPath, MSc (Mol Path).
250 ## - EDITION STATEMENT
Edition statement Seventh South-Asia edition.
260 ## - PUBLICATION, DISTRIBUTION, ETC. (IMPRINT)
Place of publication India :
Name of publisher Elsevier,
Year of publication ©2024.
300 ## - PHYSICAL DESCRIPTION
Number of Pages x, 468 pages :
Other physical details illustrations (chiefly color) ; 30 cm
500 ## - GENERAL NOTE
General note Includes index.
650 ## - SUBJECT ADDED ENTRY--TOPICAL TERM
Topical Term Histology -- Atlases.
650 ## - SUBJECT ADDED ENTRY--TOPICAL TERM
Topical Term Histology.
700 ## - ADDED ENTRY--PERSONAL NAME
Personal name Bell, Sarah.
700 ## - ADDED ENTRY--PERSONAL NAME
Personal name Wright, Sylvia.
942 ## - ADDED ENTRY ELEMENTS (KOHA)
Koha item type Books
Holdings
Source of acquisition Permanent Location Date acquired Koha item type Collection code Accession Number Lost status Shelving location Withdrawn status Current Location Full call number
SchoolCagayan State University - Carig Library2025-10-24BooksMedicineM002712 Medical Library Cagayan State University - Carig Library611.018 Od269 2024
SchoolCagayan State University - Carig Library2025-10-24BooksMedicineM002713 Medical Library Cagayan State University - Carig Library611.018 Od269 2024

Cagayan State University University Library, Carig Campus
Tuguegarao City, Cagayan 3500 | www.csucarig.edu.ph

Powered by Koha